Normal view
MARC view
Entry Personal Name
001 - CONTROL NUMBER
- control field: 14000
003 - CONTROL NUMBER IDENTIFIER
- control field: ARRUPE
005 - DATE AND TIME OF LATEST TRANSACTION
- control field: 20150115120347.0
008 - FIXED-LENGTH DATA ELEMENTS
- fixed length control field: 150115|| aca||aabn | a|a d
040 ## - CATALOGING SOURCE
- Original cataloging agency: ARRUPE
- Transcribing agency: ARRUPE
100 ## - HEADING--PERSONAL NAME
- Personal name: Chaitin, Gregory J.
670 ## - SOURCE DATA FOUND
- Source citation: Work cat.: (ARRUPE)0: Chaitin, Gregory J., The limits of mathematics :, c1998.